[Event "HUN-chT2 Maroczy 1011"]
[Site "Hungary"]
[Date "2010.09.26"]
[Round "2"]
[White "Vajda, Akos"]
[Black "Nyoger, Istvan"]
[Result "1-0"]
[WhiteElo "1803"]
[BlackElo "1871"]
[PlyCount "119"]
[EventDate "2010.09.12"]
[EventType "team-tourn"]
[EventRounds "11"]
[EventCountry "HUN"]
[SourceTitle "EXT 2012"]
[Source "ChessBase"]
[SourceDate "2011.11.24"]
[SourceVersion "1"]
[SourceVersionDate "2011.11.24"]
[SourceQuality "1"]
[WhiteTeam "Kisujszallas"]
[BlackTeam "Maroczy"]
[WhiteTeamCountry "HUN"]
[BlackTeamCountry "HUN"]

1. e4 c5 2. Nf3 Nc6 3. d4 cxd4 4. Nxd4 e5 5. Nb5 d6 6. N1c3 a6 7. Na3 b5 8. Nd5 f5 9. Be3 Rb8 10. exf5 Bxf5 11. Bd3 e4 12. Be2 Be6 13. 0-0 Ne5 14. f4 exf3 15. Bxf3 Ne7 16. Nxe7 Bxe7 17. Bd5 Bf7 18. Bxf7+ Nxf7 19. Qd5 0-0 20. c3 b4 21. Nc4 bxc3 22. bxc3 Bf6 23. Bd4 Rb5 24. Qe6 Re8 25. Bxf6 Rxe6 26. Bxd8 Nxd8 27. Rad1 Nf7 28. Rxf7 Kxf7 29. Nxd6+ Rxd6 30. Rxd6 Ra5 31. Rd2 Ke7 32. Kf2 Ra3 33. Rc2 Kd6 34. c4 Kc5 35. Ke2 g6 36. Kd2 Kd4 37. c5 Re3 38. c6 Re8 39. c7 Rc8 40. g3 Kd5 41. Kd3 Kd6 42. Kd4 Rxc7 43. Rxc7 Kxc7 44. Ke5 Kc6 45. Kf6 Kb5 46. Kg7 g5 47. h4 gxh4 48. gxh4 h5 49. Kg6 Ka4 50. Kxh5 Ka3 51. Kg4 a5 52. h5 a4 53. h6 Kxa2 54. h7 Kb1 55. h8Q a3 56. Qb8+ Ka1 57. Qe5+ Kb1 58. Qe1+ Kb2 59. Qb4+ Ka2 60. Kf3 1-0

[Event "HUN-chT2 Toth 0809"]
[Site "Hungary"]
[Date "2009.03.08"]
[Round "9.11"]
[White "Balint, Daniel"]
[Black "Vajda, Akos"]
[Result "1/2-1/2"]
[WhiteElo "1751"]
[BlackElo "1958"]
[PlyCount "80"]
[EventDate "2008.10.26"]
[EventType "team-tourn"]
[EventRounds "11"]
[EventCountry "HUN"]
[SourceTitle "EXT 2010"]
[Source "ChessBase"]
[SourceDate "2010.11.25"]
[SourceVersion "1"]
[SourceVersionDate "2010.11.25"]
[SourceQuality "1"]
[WhiteTeam "Maroczy II"]
[BlackTeam "Kisujszallas"]
[WhiteTeamCountry "HUN"]
[BlackTeamCountry "HUN"]

1. e4 c5 2. Nf3 e6 3. d4 cxd4 4. Nxd4 Nc6 5. Nc3 Qc7 6. Be3 a6 7. Be2 Nf6 8. 0-0 Be7 9. Kh1 0-0 10. Qd2 d6 11. f4 Bd7 12. Nb3 b5 13. a3 Rfd8 14. Qe1 b4 15. axb4 Nxb4 16. Rc1 Bc6 17. Bf3 a5 18. Nd4 Bb7 19. Qf2 d5 20. e5 Ne4 21. Bxe4 dxe4 22. Nb3 Qc6 23. Nd2 f5 24. exf6 Bxf6 25. Ndxe4 Nd5 26. Nxd5 Qxd5 27. Nxf6+ gxf6 28. Rg1 Rd7 29. c3 Rg7 30. Rcd1 Qc6 31. Bb6 h5 32. Rd8+ Kf7 33. Rxa8 Bxa8 34. Bxa5 h4 35. h3 Rg3 36. Kh2 Qe4 37. Bb4 Bc6 38. Bd6 Qd5 39. Bb4 e5 40. f5 e4 1/2-1/2

[Event "HUN-chT2 Toth 0809"]
[Site "Hungary"]
[Date "2009.01.25"]
[Round "6.10"]
[White "Vajda, Akos"]
[Black "Egyed, Viktoria"]
[Result "1-0"]
[WhiteElo "1958"]
[BlackElo "1651"]
[PlyCount "99"]
[EventDate "2008.10.26"]
[EventType "team-tourn"]
[EventRounds "11"]
[EventCountry "HUN"]
[SourceTitle "EXT 2010"]
[Source "ChessBase"]
[SourceDate "2010.11.25"]
[SourceVersion "1"]
[SourceVersionDate "2010.11.25"]
[SourceQuality "1"]
[WhiteTeam "Kisujszallas"]
[BlackTeam "Karcag"]
[WhiteTeamCountry "HUN"]
[BlackTeamCountry "HUN"]

1. e4 c5 2. Nf3 d6 3. d4 cxd4 4. Nxd4 Nf6 5. Nc3 g6 6. Be3 Bg7 7. f3 0-0 8. Qd2 d5 9. 0-0-0 dxe4 10. Bh6 exf3 11. Bxg7 Kxg7 12. Ne6+ Bxe6 13. Qxd8 Rxd8 14. Rxd8 f2 15. Bd3 Bd7 16. Rf1 Bc6 17. Nb5 Nd5 18. Rxd5 Bxd5 19. Nc7 Bxg2 20. Rxf2 Bc6 21. Nxa8 Nd7 22. Nc7 Ne5 23. Kd2 Nxd3 24. Kxd3 e5 25. c4 Kf8 26. Nd5 f5 27. Ke3 Kf7 28. b4 Ke6 29. Rd2 g5 30. b5 Bxd5 31. Rxd5 f4+ 32. Ke4 h5 33. Rxe5+ Kf6 34. h3 h4 35. c5 Kg6 36. Kf3 Kh5 37. c6 bxc6 38. bxc6 a5 39. c7 a4 40. c8Q a3 41. Rxg5+ Kxg5 42. Qc5+ Kf6 43. Kxf4 Ke6 44. Qc6+ Kf7 45. Kf5 Kg7 46. Qb6 Kh7 47. Kg5 Kg7 48. Qc7+ Kf8 49. Kf6 Kg8 50. Qg7# 1-0

[Event "HUN-chT2 Toth 0809"]
[Site "Hungary"]
[Date "2008.12.21"]
[Round "4.10"]
[White "Vajda, Akos"]
[Black "Baranyai, Antal"]
[Result "1-0"]
[WhiteElo "1958"]
[BlackElo "1859"]
[PlyCount "119"]
[EventDate "2008.10.26"]
[EventType "team-tourn"]
[EventRounds "11"]
[EventCountry "HUN"]
[SourceTitle "EXT 2010"]
[Source "ChessBase"]
[SourceDate "2010.11.25"]
[SourceVersion "1"]
[SourceVersionDate "2010.11.25"]
[SourceQuality "1"]
[WhiteTeam "Kisujszallas"]
[BlackTeam "Nadudvar"]
[WhiteTeamCountry "HUN"]
[BlackTeamCountry "HUN"]

1. e4 e5 2. Nf3 Nc6 3. Bc4 Be7 4. d4 exd4 5. Nxd4 a6 6. 0-0 Ne5 7. Bb3 c5 8. Nf3 Bf6 9. Nxe5 Bxe5 10. Bxf7+ Kf8 11. Bxg8 Rxg8 12. Nc3 Bxc3 13. bxc3 Qf6 14. e5 Qe6 15. Be3 Qxe5 16. Qf3+ Qf6 17. Bxc5+ Kf7 18. Qd3 h6 19. Rfe1 d6 20. Bxd6 Be6 21. Re3 g6 22. Rae1 Rae8 23. Rf3 Bf5 24. Qd5+ Kg7 25. Be5 Rxe5 26. Qxe5 Qxe5 27. Rxe5 Rb8 28. h3 h5 29. Re7+ Kf6 30. Rfe3 Bxc2 31. Rc7 Ba4 32. Ree7 Bc6 33. h4 Rg8 34. f3 Rd8 35. Rf7+ Ke6 36. Rce7+ Kd5 37. Rf4 Kc5 38. Re5+ Kb6 39. Rg5 Rd6 40. c4 Re6 41. Kf2 a5 42. g4 hxg4 43. Rfxg4 Rf6 44. Rg3 Be8 45. Re5 Rc6 46. c5+ Rxc5 47. Rxc5 Kxc5 48. a3 b5 49. Ke3 a4 50. Kd3 Bc6 51. Rg5+ Bd5 52. Kc3 Kd6 53. Rxg6+ Ke7 54. f4 Kf7 55. Rg5 Bc4 56. Kb4 Kf6 57. Rxb5 Be2 58. Kxa4 Bf3 59. Re5 Kg6 60. Kb4 1-0